| 000 | 00636cab a22001935a 4500 | ||
|---|---|---|---|
| 001 | L157103 | ||
| 008 | 120830e20120825xxk 000 0 eng d | ||
| 035 | _a(Sirsi) u157103 | ||
| 041 | 0 | _aeng | |
| 100 | 1 | _aChandler, Bill | |
| 245 | 0 | 0 | _aCrossing Boundary |
| 260 | _c2012 | ||
| 490 |
_aEstates Gazette _v(1234) 25 August 2012, 46-47(2) |
||
| 520 | _aIllustrates problems that property owners may find in understanding the boundaries of their property as exact borders are often left undetermined despite Land Registry title plans. | ||
| 590 | _aKA | ||
| 651 | 4 | _aUnited Kingdom | |
| 690 |
_aBoundary disputes _96221 |
||
| 942 | _n0 | ||
| 999 |
_c84259 _d84259 |
||